| 000 | 00948nam a22002537a 4500 | ||
|---|---|---|---|
| 999 |
_c7131 _d7131 |
||
| 003 | AR-CdUCM | ||
| 008 | 190320b ||||| |||| 00| 0 spa d | ||
| 040 |
_aMUNICIPALIDAD PROVINCIAL DEL CUSCO _cBIBLIOTECA MUNICIPAL DEL CUSCO |
||
| 041 | _hfre | ||
| 082 |
_22ed. _a650.8 / _bH78 |
||
| 100 |
_aHourez, Fernand _920104 |
||
| 245 | _aTratado de publicidad directa / | ||
| 260 |
_aBarcelona : _bLuis Miracle, _c1965. |
||
| 300 |
_a447 páginas ; _bfiguras, retratos, _c21 cm. |
||
| 440 |
_aBiblioteca de Técnica Comercial. _n5 _920105 |
||
| 505 | _aContenido: Generalidades -- La dirección -- El sobre -- El tipo de dirección -- El franqueo -- El mensaje ... | ||
| 650 |
_aCaracterísticas de la publicidad _920106 |
||
| 650 |
_aFunciones de la publicidad _920107 |
||
| 650 |
_aRedacciones _916953 |
||
| 700 |
_aNobell, M. T. (traducción) _920108 |
||
| 700 |
_aCarrió, Jaime Vicens (revisión) _920109 |
||
| 942 |
_2ddc _cLIBROS |
||
| 945 | _aachl | ||